ბათუმის შოთა რუსთაველის სახელმწიფო უნივერსიტეტის ბიბლიოთეკა

რეგიონალიზმი-სახელმწიფოს ტერიტორიული ორგანიზაციის ფორმა : (ბიბ.ჩანაწერი № 34872)

000 -ლიდერი
ფიქსირებული სიგრძის საკონტროლო ველი 01351nam a2200241Ia 4500
001 - საკონტროლო ნომერი
საკონტროლო ველი 691
003 - საკონტროლო ნომრის იდენტიფიკატორი
საკონტროლო ველი GE_BSU
005 - ბოლო ოპერაციის თარიღი და დრო
საკონტროლო ველი 20211122124042.0
008 - ფიქსირებული სიგრძის მონაცემთა ელემენტები - ზოგადი ინფორმაცია
ფიქსირებული სიგრძის საკონტროლო ველი 181216s2003||||ge |||||||||||||| ||geo||
040 ## - კატალოგიზაციის წყარო
Transcribing agency GE_BSU
041 ## - ენის კოდი
Language code of text/sound track or separate title geo
080 ## - უნივერსალური ათობითი კლასიფიკაციის ინდექსი
Universal Decimal Classification number 352/354(075.8) მ–53
100 ## - მთავარი ჩანაწერი - პიროვნების სახელი
Personal name მელქაძე, ოთარ
9 (RLIN) 12993
245 ## - ცნობა სათაურის შესახებ
Title რეგიონალიზმი-სახელმწიფოს ტერიტორიული ორგანიზაციის ფორმა :
Remainder of title (ქართულ პრობლემებთან დაკავშირებით) /
Statement of responsibility, etc ოთარ მელქაძე, გიორგი თევდორაშვილი; მსოფლიო პარლამენტარიზმის კვლევ. ცენტრი.
264 ## - წარმოების, გამოცემის, დისტრიბუციის და სხვა ცნობები
გამოცემის, წარმოების, დისტრიბუციის... ადგილი თბილისი :
გამოცემის, წარმოების, დისტრიბუციის... სახელწოდება სფინქსი,
გამოცემის, წარმოების, დისტრიბუციის... თარიღი 2003.
300 ## - ფიზიკური აღწერა
Extent 236 გვ.;
Other physical details 19სმ.
653 ## - INDEX TERM--UNCONTROLLED
Uncontrolled term რეგიონალიზმი
653 ## - INDEX TERM--UNCONTROLLED
Uncontrolled term საქართველოს ტერიტორიული ორგანიზაცია
700 ## - ADDED ENTRY--PERSONAL NAME
Personal name თევდორაშვილი, გიორგი
Relator term ავტორი
9 (RLIN) 5322
710 ## - ADDED ENTRY--CORPORATE NAME
Corporate name or jurisdiction name as entry element მსოფლიო პარლამენტარიზმის კვლევ. ცენტრი.
9 (RLIN) 6384
942 ## - ADDED ENTRY ELEMENTS (KOHA)
Koha item type წიგნი
Source of classification or shelving scheme
ეგზემპლარები
ჩამოწერის სტატუსი დაკარგული ეგზემპლარის სტატუსი კლასიფიკაციის წყარო ან თაროზე გაწყობის სქემა დაზიანების სტატუსი არ გაიცემა მუდმივი მდებარეობა (დაცვის ადგილი) ამჟამინდელი ადგილსამყოფელი თაროზე განთავსების ადგილი შეძენის თარიღი ღირებულება, შესყიდვის ნორმალური ფასი სრული შენახვის შიფრი შტრიხკოდი ბოლო ოპერაციის თარიღი ეგზემპლარის მიმდევრობითი ნომერი (კეტერი?) ფასის ძალაში შესვლის თარიღი ეგზემპლარის სახეობა საჯარო შენიშვნა
          ბათუმის შოთა რუსთაველის სახელმწიფო უნივერსიტეტის მთავარი ბიბლიოთეკა ბათუმის შოთა რუსთაველის სახელმწიფო უნივერსიტეტის მთავარი ბიბლიოთეკა წიგნსაცავი 2018-12-17 8.00 352/354(075.8) მ–53 1778 2018-12-17 1778 2018-12-17 წიგნი 8 ლ.
          ბათუმის შოთა რუსთაველის სახელმწიფო უნივერსიტეტის მთავარი ბიბლიოთეკა ბათუმის შოთა რუსთაველის სახელმწიფო უნივერსიტეტის მთავარი ბიბლიოთეკა წიგნსაცავი 2023-03-06 8.00 352/354(075.8) მ–53 63982 2023-03-06 63982 2023-03-06 წიგნი 8.00
          ბათუმის შოთა რუსთაველის სახელმწიფო უნივერსიტეტის მთავარი ბიბლიოთეკა ბათუმის შოთა რუსთაველის სახელმწიფო უნივერსიტეტის მთავარი ბიბლიოთეკა წიგნსაცავი 2023-03-06 8.00 352/354(075.8) მ–53 63983 2023-03-06 63983 2023-03-06 წიგნი 8.00
          ბათუმის შოთა რუსთაველის სახელმწიფო უნივერსიტეტის მთავარი ბიბლიოთეკა ბათუმის შოთა რუსთაველის სახელმწიფო უნივერსიტეტის მთავარი ბიბლიოთეკა წიგნსაცავი 2023-03-06 8.00 352/354(075.8) მ–53 63984 2023-03-06 63984 2023-03-06 წიგნი 8.00